| 000 | 00678nam a2200205 u 4500 | ||
|---|---|---|---|
| 005 | 20210223131331.0 | ||
| 008 | 100630s2007 es r 000 0 spa d | ||
| 020 | _a9788497542968 | ||
| 035 | _aUPN01000177105 | ||
| 049 | _aCG | ||
| 050 | 4 |
_aQ164 _bR5.4 |
|
| 100 | 1 |
_aRobinson, Richard, _d1950- _930254 |
|
| 245 | 1 | 0 |
_aCiencia mágica en tu cuarto / _cRichard Robinson ; il. Alan Rowe ; tr. Joan Carles Guix. |
| 260 |
_aBarcelona, Esp. : _bOniro, _cc2007. |
||
| 300 |
_a94 p. : _bil. |
||
| 440 | 3 |
_aEl juego de la ciencia ; _v53 |
|
| 534 |
_pTítulo original: _tScience magic in the bedroom |
||
| 650 | 4 |
_aCIENCIA - _xEXPERIMENTOS - _vLITERATURA JUVENIL _96316 |
|
| 905 | _aLibro | ||
| 999 |
_c149208 _d149208 |
||